Pharmacotherapy:Apathophysiologic Approach (Record no. 5832)
[ view plain ]
| 000 -LEADER | |
|---|---|
| fixed length control field | 00722nam a22002177a 4500 |
| 003 - CONTROL NUMBER IDENTIFIER | |
| control field | OSt |
| 005 - DATE AND TIME OF LATEST TRANSACTION | |
| control field | 20170421151138.0 |
| 008 - FIXED-LENGTH DATA ELEMENTS--GENERAL INFORMATION | |
| fixed length control field | 170421b xxu||||| |||| 00| 0 eng d |
| 020 ## - INTERNATIONAL STANDARD BOOK NUMBER | |
| International Standard Book Number | 978-0-07-147899-1 |
| 040 ## - CATALOGING SOURCE | |
| Original cataloging agency | DMLN |
| Transcribing agency | MLN |
| 082 ## - DEWEY DECIMAL CLASSIFICATION NUMBER | |
| Classification number | WB330,P494p,2008 |
| 100 ## - MAIN ENTRY--PERSONAL NAME | |
| Personal name | Dipiro,Joseph T. Talbert,Robert L. Yee ,Gary C. |
| 9 (RLIN) | 12112 |
| 245 ## - TITLE STATEMENT | |
| Title | Pharmacotherapy:Apathophysiologic Approach |
| 250 ## - EDITION STATEMENT | |
| Edition statement | 7th ed |
| 260 ## - PUBLICATION, DISTRIBUTION, ETC. (IMPRINT) | |
| Place of publication, distribution, etc. | NewYork:McGrawHill Medical,2008 |
| 300 ## - PHYSICAL DESCRIPTION | |
| Extent | xxxii,2559;ill.-28cm |
| 504 ## - BIBLIOGRAPHY, ETC. NOTE | |
| Bibliography, etc | includes index,appendix,and glossary |
| 600 ## - SUBJECT ADDED ENTRY--PERSONAL NAME | |
| Personal name | http://koha.must.ac.ug:8080/cgi-bin/koha/cataloguing/addbiblio.pl?frameworkcode=BKS#tab2XX |
| 9 (RLIN) | 12113 |
| 650 ## - SUBJECT ADDED ENTRY--TOPICAL TERM | |
| Topical term or geographic name as entry element | pharmacotherapy |
| 9 (RLIN) | 12081 |
| 942 ## - ADDED ENTRY ELEMENTS (KOHA) | |
| Source of classification or shelving scheme | Other/Generic Classification Scheme |
| Koha item type | Short Loan |
| Call number prefix | 11/0070 |
| Withdrawn status | Lost status | Source of classification or shelving scheme | Damaged status | Not for loan | Home library | Current library | Date acquired | Source of acquisition | Inventory number | Total Checkouts | Full call number | Barcode | Date last seen | Price effective from | Koha item type |
|---|---|---|---|---|---|---|---|---|---|---|---|---|---|---|---|
| Other/Generic Classification Scheme | Pharmacy Department Library | Pharmacy Department Library | 21/04/2017 | 11/0070 | WB330,P494p,2008 | 2017-0813 | 21/04/2017 | 21/04/2017 | Short Loan |
